La guerra prodigiosa : novela /

Guardat en:
Dades bibliogràfiques
Autor principal: Herra Rodríguez, Rafael Angel 1943-
Format: Llibre
Idioma:Spanish
Publicat: San José, Costa Rica : Editorial Costa Rica, 1986.
Matèries:
Etiquetes: Afegir etiqueta
Sense etiquetes, Sigues el primer a etiquetar aquest registre!

MARC

LEADER 00000nam a2200000 a 4500
001 429506
005 20170512090103.0
008 870917s1986 cr a f000 1 spa
020 |a 9977672946 
040 |a DLC  |c DLC  |d CRU CIICLA 
082 0 |a CR863.4  |2 19  |b H564gu ECR 
100 1 |a Herra Rodríguez, Rafael Angel  |d 1943- 
245 1 3 |a La guerra prodigiosa :  |b novela /  |c Rafael Angel Herra 
260 |a San José, Costa Rica :  |b Editorial Costa Rica,  |c 1986. 
300 |a 323 páginas:  |b ilustraciones 
650 7 |9 76  |a LITERATURA COSTARRICENSE  |v NOVELA 
942 |2 ddc  |c BK 
999 |c 3731  |d 3731